A quarta dimensão do direito : (Record no. 497)

MARC details
000 -LÍDER
Campo Fixo de Controle 00794nam a2200241 a 4500
001 - NÚMERO DE CONTROLE
Campo de Controle 497
003 - IDENTIFICAÇÃO DO NÚMERO DE CONTROLE
Campo de Controle BR-CuiBMT
005 - DATA E HORA DA ÚLTIMA ATUALIZAÇÃO
Campo de Controle 20231108001646.0
008 - DADOS FIXOS
Dados Fixos 231101s2013 prb 000 0 por d
020 ## - INTERNATIONAL STANDARD BOOK NUMBER
Nº do ISBN 97858599369234
040 ## - AGÊNCIA CATALOGADORA
Código da Agência Catalogadora BR-CuiBMT
Agência que transcreveu o registro BR-CuiBMT
080 ## - Nº DA CLASSIFICAÇÃO DECIMAL UNIVERSAL
Nº Class. CDU 340.132.6
Nº edição CDU 2007
090 ## - NÚMERO DE CHAMADA
Nº classificação 340.132.6
Cutter M538q
100 1# - ENTRADA PRINCIPAL -- AUTOR PESSOAL
Nome pessoal Mendes, Renato Geraldo
Datas associadas ao nome
245 12 - TÍTULO PRINCIPAL
Título principal A quarta dimensão do direito :
Subtítulo nova teoria sobre a norma jurídica : superação da visão tridimensional do direito : abordagem essencial do direito /
Indicação de responsabilidade Renato Geraldo Mendes.
260 ## - PUBLICAÇÃO, DISTRIBUIÇÃO, ETC.
Local de publicação Curitiba :
Editora Zênite.
Data 2013.
300 ## - DESCRIÇÃO FÍSICA
N. páginas ou volumes 192 p.:
Dimensões 24 cm
504 ## - NOTA DE BIBLIOGRAFIA, ETC.
Nota de bibliografia Inclui bibliografia.
650 ## - ASSUNTO TÓPICO
Cabeçalho tópico ou nome geográfico Norma jurídica
Subdivisão geral Interpretação
650 ## - ASSUNTO TÓPICO
Cabeçalho tópico ou nome geográfico Hermenêutica
650 ## - ASSUNTO TÓPICO
Cabeçalho tópico ou nome geográfico Direito constitucional
942 ## - ELEMENTOS DE ENTRADA ADICIONAIS (KOHA)
Fonte de classificação ou esquema de arquivamento Classificação Decimal Universal
Tipo de item do Koha Livros
Holdings
Estado: removido Estado: perdido Fonte de classificação ou esquema de arquivamento Estado: danificado Indisponível para empréstimo Localização permanente Localização atual Data de aquisição Total Checkouts Número de Chamada completo Código de barras Date last seen Número do exemplar Preço efetivo a partir de Tipo de item (Koha)
    Classificação Decimal Universal     Biblioteca da Escola Superior de Contas do TCE/MT Biblioteca da Escola Superior de Contas do TCE/MT 23/08/2013   340.132.6 M538q BIBTCEMT23110258 08/11/2023 Ex. 1 08/11/2023 Livros

Powered by Koha